El desierto rojo / (Record no. 188539)

MARC details
000 -LEADER
campo de control de longitud fija 00848nam a2200241 i 4500
001 - NÚMERO DE CONTROL
campo de control 188539
003 - IDENTIFICADOR DE NÚMERO DE CONTROL
campo de control ES-MaACL
005 - FECHA Y HORA DE LA ÚLTIMA TRANSACCIÓN
campo de control 20250821063117.0
008 - DATOS DE LONGITUD FIJA--INFORMACIÓN GENERAL
campo de control de longitud fija 181214s1965 sp |||| | spa d
100 1# - ENTRADA PRINCIPAL--NOMBRE DE PERSONA
Nombre de persona Antonioni, Michelangelo,
Fechas asociadas al nombre 1912-2007
9 (RLIN) 21990
245 13 - MENCIÓN DEL TÍTULO
Título El desierto rojo /
Mención de responsabilidad, etc. Michelangelo Antonioni ; con textos de Arnaldo Olivar y Ricardo Muñoz Suay ; [traducción, José Luis Font].
260 ## - PUBLICACIÓN, DISTRIBUCIÓN, ETC.
Lugar de publicación, distribución, etc. Barcelona :
Nombre del editor, distribuidor, etc. Aymá,
Fecha de publicación, distribución, etc. 1965.
300 ## - DESCRIPCIÓN FÍSICA
Extensión 121 p., 16 lám. ;
Dimensiones 19 cm.
490 1# - MENCIÓN DE SERIE
Mención de serie Voz imagen.
-- Cine ;
Designación de volumen o secuencia 14
655 #7 - TERMINO DE INDIZACIÓN--GENERO/FORMA
Fuente del término tgfbne
Datos o término principal de género/forma Guiones cinematográficos
9 (RLIN) 234355
700 1# - ENTRADA AGREGADA--NOMBRE PERSONAL
Nombre de persona Olivar, Arnau.
9 (RLIN) 86754
700 1# - ENTRADA AGREGADA--NOMBRE PERSONAL
Nombre de persona Muñoz Suay, Ricardo.
9 (RLIN) 84504
700 1# - ENTRADA AGREGADA--NOMBRE PERSONAL
Nombre de persona Font, José Luis.
9 (RLIN) 165770
830 1# - PUNTO DE ACCESO ADICIONAL DE SERIE-TÍTULO UNIFORME
Título uniforme Voz imagen.
-- Cine ;
Designación de volumen o secuencia 14
9 (RLIN) 193071
852 ## - LOCALIZACIÓN
Ubicación ES-MaACL
Número de control de estantería P-155-bis-11
942 ## - ELEMENTOS DE ENTRADA SECUNDARIOS (KOHA)
Fuente del sistema de clasificación o colocación Clasificación decimal universal
Holdings
Estatus retirado Estado de pérdida Estado de daño No para préstamo Biblioteca de origen Biblioteca actual Ubicación en estantería Fecha de adquisición Fuente de adquisición Total de préstamos Signatura topográfica completa Código de barras Visto por última vez Precio de reemplazo Tipo de ítem Koha
        Biblioteca del Ateneo de Madrid Biblioteca del Ateneo de Madrid Depósito 2 14/12/2018     P-155-bis-11 1199468 23/02/2023 23/02/2023 Libro impreso